|
|
|
|
| LEADER |
00000nab a2200000 a 4500 |
| 001 |
vtls000319786 |
| 003 |
SK-MaSNL |
| 005 |
20260304213955.0 |
| 008 |
111201c1978 xo 0 slo |
| 015 |
|
|
|a SNBRB19rr/mm-uuuuu
|
| 035 |
|
|
|a CL0009878
|
| 040 |
|
|
|a SNKBUCL
|b slo
|c SNKBUCL
|e AACR2
|
| 041 |
0 |
|
|a slo
|
| 044 |
|
|
|a xo
|c SK
|
| 080 |
|
|
|a 82:929:885.4
|2 1981
|
| 080 |
|
|
|a 885.4"18-19"
|2 1981
|
| 080 |
|
|
|a 885.4(091)"18-19"
|2 1981
|
| 080 |
|
|
|a 92 Kukučín, Martin
|2 1981
|
| 100 |
1 |
|
|a Špánik, Július
|4 aut
|9 341396
|
| 245 |
1 |
0 |
|a Martin Kukučín - spisovateľ, dramatik a novinár
|c Július Špánik
|
| 600 |
1 |
7 |
|a Kukučín, Martin,
|d 1860-1928
|2 snkbucl
|9 100266
|
| 655 |
|
7 |
|a články z novín a časopisov
|2 snkbucl
|9 267496
|
| 655 |
|
7 |
|a články z odboru literárna veda a krásna literatúra
|2 snkbucl
|9 770045
|
| 773 |
0 |
|
|t Ľud
|g Roč. 31, č. 114 (17. 5. 1978), s. 5
|
| 850 |
|
|
|a Slovenská národná knižnica v Martine
|a MTA001
|
| 852 |
|
|
|a SNK
|b KIS3GCP
|
| 958 |
|
|
|a RK
|
| 958 |
|
|
|a LX
|
| 992 |
|
|
|a RBX
|
| 999 |
|
|
|c 3138739
|d 3140669
|